Estadismo de las Islas Filipinas, o mis viajes por este país / (Record no. 158984)

MARC details
000 -LEADER
campo de control de longitud fija 01080nam a22002535i 4500
001 - NÚMERO DE CONTROL
campo de control 158984
003 - IDENTIFICADOR DE NÚMERO DE CONTROL
campo de control ES-MaACL
005 - FECHA Y HORA DE LA ÚLTIMA TRANSACCIÓN
campo de control 20230906211412.0
008 - DATOS DE LONGITUD FIJA--INFORMACIÓN GENERAL
campo de control de longitud fija 950111s1893 sp |||| | spa d
080 ## - NÚMERO DE LA CLASIFICACIÓN DECIMAL UNIVERSAL
Número de la Clasificación Decimal Universal 910.4(599)
100 1# - ENTRADA PRINCIPAL--NOMBRE DE PERSONA
Nombre de persona Martínez de Zuñiga, Joaquín.
9 (RLIN) 129576
245 10 - MENCIÓN DEL TÍTULO
Título Estadismo de las Islas Filipinas, o mis viajes por este país /
Mención de responsabilidad, etc. por el padre Fr. Joaquín Martínez de Zúñiga, agustino calzado ; publica esta obra por primera vez extensamente anotada, W.E. Retana.
260 ## - PUBLICACIÓN, DISTRIBUCIÓN, ETC.
Lugar de publicación, distribución, etc. Madrid :
Nombre del editor, distribuidor, etc. [s.n.],
Fecha de publicación, distribución, etc. 1893 (
Fabricante Imp. de la Viuda de M. Minuesa de los Ríos)
300 ## - DESCRIPCIÓN FÍSICA
Extensión 2 v. (XXXVIII, 549 p. ; 113, 629 p.) ;
Dimensiones 21 cm.
530 ## - NOTA DISPONIBLE DE FORMULARIO FÍSICO ADICIONAL
Nota de formato físico adicional disponible Disponible en formato digital.
597 ## - NOTA DE DESCRIPCIÓN FÍSICA
NOTA DE DESCRIPCIÓN FÍSICA Signaturizados.
597 ## - NOTA DE DESCRIPCIÓN FÍSICA
NOTA DE DESCRIPCIÓN FÍSICA Anteps.
597 ## - NOTA DE DESCRIPCIÓN FÍSICA
NOTA DE DESCRIPCIÓN FÍSICA Ports. a dos tintas.
599 ## - NOTA A LAS ILUSTRACIONES
NOTA A LAS ILUSTRACIONES Letras capitulares y grabados en cabeceras y finales de capítulo.
651 #4 - PUNTO DE ACCESO ADICIONAL DE MATERIA--NOMBRE GEOGRÁFICO
Nombre geográfico Filipinas-
Subdivisión general Descripción.
9 (RLIN) 8657
700 1# - ENTRADA AGREGADA--NOMBRE PERSONAL
Nombre de persona Retana, W. E.
9 (RLIN) 143306
852 4# - LOCALIZACIÓN
Ubicación ES-MaACL
Número de control de estantería C-3298-99
856 4# - LOCALIZACIÓN Y ACCESO ELECTRÓNICOS
Identificador Uniforme de Recursos <a href="http://bdh-rd.bne.es/viewer.vm?id=0000043580&page=1 ">http://bdh-rd.bne.es/viewer.vm?id=0000043580&page=1 </a>
Nota pública Biblioteca Digital Hispánica
Holdings
Estatus retirado Estado de pérdida Estado de daño No para préstamo Colección Biblioteca de origen Biblioteca actual Ubicación en estantería Fecha de adquisición Total de préstamos Signatura topográfica completa Código de barras Visto por última vez Precio de reemplazo Tipo de ítem Koha
        Colección digital Biblioteca del Ateneo de Madrid Biblioteca del Ateneo de Madrid Depósito 2 17/01/2008   C-3298-99 1166422 23/02/2023 23/02/2023 Libro impreso antiguo